Most Popular Country Artists on Spotify - Statistics

General Stats
  • This quiz has been taken 177 times
    97 since last reset
  • The average score is 30 of 75
Answer Stats
# Artist Song Listeners % Correct
512 Dolly Parton Jolene 16,655,100
92%
934 Carrie Underwood Before He Cheats 11,143,813
83%
87 Morgan Wallen Last Night 41,519,252
80%
247 Zach Bryan Something in the Orange 25,017,375
75%
274 Chris Stapleton Tennessee Whiskey 23,942,966
74%
548 Shania Twain Man! I Feel Like A Woman! 15,975,695
74%
822 Luke Bryan Play It Again 12,127,736
72%
215 Luke Combs When It Rains It Pours 26,618,661
72%
1024 John Denver Take Me Home, Country Roads 10,470,165
71%
211 Shaboozey A Bar Song (Tipsy) 26,959,799
71%
951 Rascal Flatts Life is a Highway 10,995,263
67%
762 Johnny Cash Hurt 12,711,876
66%
1094 Alan Jackson Chattahoochie 9,917,412
59%
840 Blake Shelton God's Country 11,968,199
59%
979 Kenny Rogers The Gambler 10,818,117
59%
1033 Zac Brown Band Chicken Fried 10,391,957
58%
1342 Darius Rucker Wagon Wheel 8,503,510
57%
846 Brooks & Dunn Neon Moon 11,896,099
55%
1291 George Strait Check Yes Or No 8,748,222
55%
1370 Willie Nelson On the Road Again 8,366,745
55%
959 Florida Georgia Line Cruise 10,933,905
54%
609 Kane Brown What Ifs 14,910,644
54%
749 Eric Church Springsteen 12,843,519
53%
1296 Toby Keith Should've Been A Cowboy 8,716,184
49%
1093 Cody Johnson Til You Can't 9,918,571
46%
516 Bailey Zimmerman Rock and A Hard Place 16,592,812
42%
958 Kenny Chesney American Kids 10,941,598
42%
1550 Miranda Lambert Mama's Broken Heart 7,653,638
42%
1738 Randy Travis Forever and Ever, Amen 6,937,635
42%
2204 The Chicks Cowboy Take Me Away 5,750,834
42%
936 Jason Aldean You Make It Easy 11,139,550
41%
835 Lainey Wilson Heart Like A Truck 12,003,253
41%
1112 Tim McGraw Humble And Kind 9,806,418
41%
1406 Dan + Shay 10,000 Hours 8,217,464
39%
1472 Lady A Need You Now 7,983,418
39%
338 Jelly Roll Need A Favor 21,268,170
38%
815 Maren Morris The Bones 12,189,595
38%
1445 Ella Langley you look like you love me 8,085,336
37%
1427 Elle King Ex's & Oh's 8,132,003
37%
1076 HARDY TRUCK BED 10,062,339
37%
532 Thomas Rhett Die A Happy Man 16,307,165
36%
927 Tyler Childers Feathered Indians 11,233,800
36%
1505 Keith Urban Blue Ain't Your Color 7,801,024
34%
2312 Brad Paisley Whiskey Lullaby 5,545,865
33%
1066 Jordan Davis Buy Dirt 10,147,964
33%
1186 Megan Moroney Tennessee Orange 9,330,092
33%
1640 Sam Hunt Body Like A Back Road 7,258,835
33%
615 Dasha Austin (Boots Stop Workin') 14,872,085
32%
2449 Glen Campbell Southern Nights 5,264,750
32%
819 Riley Green I Wish Grandpas Never Died 12,151,554
32%
1307 Old Dominion One Man Band 8,661,468
30%
950 Jon Pardi Head Over Boots 11,009,062
29%
1923 Dierks Bentley Drunk On A Plane 6,389,690
28%
2115 Josh Turner Your Man 5,970,850
26%
529 Kacey Musgraves Rainbow 16,331,643
26%
1573 Zach Top I Never Lie 7,561,414
26%
809 ERNEST Flower Shops 12,310,825
25%
2359 Travis Tritt It's A Great Day To Be Alive 5,464,220
25%
1230 Nate Smith Whiskey On You 9,078,443
24%
2042 Billy Currington Good Directions 6,112,975
22%
1627 Lee Brice One Of Them Girls 7,303,645
22%
2291 Cole Swindell She Had Me At Heads Carolina 5,579,874
20%
1424 Tucker Wetmore Wind Up Missin' You 8,139,174
20%
859 Sam Barber Straight and Narrow 11,809,871
18%
2151 Treaty Oak Revival Missed Call 5,888,728
17%
2389 Parker McCollum Pretty Heart 5,414,701
16%
1466 The Red Clay Strays Wondering Why 8,009,989
16%
2370 Hudson Westbrook House Again 5,447,761
13%
1324 Kelsea Ballerini I Quit Drinking 8,559,421
13%
1374 Koe Wetzel High Road 8,346,576
13%
1564 Warren Zeiders Pretty Little Poison 7,600,210
13%
1404 Max McNown A Lot More Free 8,225,055
11%
1149 Avery Anna Narcissist 9,547,969
8%
2341 Dylan Scott My Girl 5,502,937
8%
1786 Cameron Whitcomb Medusa 6,755,829
5%
No matching quizzes found
Score Distribution
Percent of People with Each Score
Percentile by Number Answered
Your Score History
You have not taken this quiz since the last reset